Представление документа в формате RUSMARC

ПолеНазваниеЗначение
  Тип записи a
  Библиографический уровень m
001 Контрольный номер RU/CBS_UL/BASE/1fe381c917e14ad28de1609950e4b196
005 Дата корректировки 20231006155146.0
010 Индекс ISBN __
a ISBN
d Цена 20 к.
9 Тираж 100 000 экз.
100 Данные общей обработки __
a Данные общей обработки 20231006d 0rusy0189## ca
101 Язык документа 0_
a Язык текста rus
102 Страна публикации __
a Страна публикации RU
200 Заглавие и сведения об ответственности 1_
a Заглавие Монгольская Народная Республика
e Сведения, относящиеся к заглавию справочник
f Первые сведения об ответственности Е. П. Баврин, А. И. Таксубаев
205 Сведения об издании __
a Основные сведения об издании 3-е изд., доп.
210 Выходные данные 1_
a Место издания Москва
c Издательство Политиздат
d Дата издания 1987
215 Физическое описание __
a Объем 110, [1] с.
c Иллюстрации/тип воспроизводства ил.
d Формат 17 см.
300 Общие примечания __
a Общие примечания 16+
300 Общие примечания __
a Общие примечания Под инв. номером 23556: Цс-1, 17-1, 30-1
606 Тематические рубрики 0_
a Основная рубрика Монгольская Народная Республика - Справочники
610 Ключевые слова 0_
a Ключевые слова экономика
610 Ключевые слова 0_
a Ключевые слова экономика зарубежных стран
610 Ключевые слова 0_
a Ключевые слова справочники
686 Индексы других классификаций __
2 Код системы rubbk
a Классификационный индекс 65.9(5Мон)
701 Альтернативная интеллектуальная ответственность _1
a Фамилия Баврин
b Имя (инициалы) Е. П.
701 Альтернативная интеллектуальная ответственность _1
a Фамилия Таксубаев
b Имя (инициалы) А. И.
801 Источник записи _0
a Страна RU
b Организация МБУК ЦБС г. Ульяновска
c Дата составления 20231006
g Правила каталогизации RCR
801 Источник записи _1
a Страна RU
b Организация МБУК ЦБС г. Ульяновска
c Дата составления 20231006
g Правила каталогизации RCR
852 Данные о местонахождении __
i Авторский знак М 77
j Шифр хранения 65.9(5)
901 Тип документа __
t Тип документа m